000 00587nam a2200193Ia 4500
003 GCL
008 140319s9999 xx 000 0 ara d
040 _aGCL /
_cGCL
082 0 4 _aق
_b329.02
_bع م
100 1 _aعلى شلبى
245 1 0 _aمصر الفتاه ودورها فى السياسة المصرية 1933 - 1941 /
_cعلى شلبى
300 _a480 ص
490 _a100 قصة
_v0
650 0 4 _aمصر
650 0 4 _aالاحزاب السياسية
650 0 4 _aمصر - حزب مصر الفتاه
650 0 4 _aالعصر الحديث - تاريخ
942 _2ddc
_cBK
999 _c43580
_d43580